01873 2200313 4500001002100000005001500021035002000036008004100056020001800097041000800115082001600123084002200139100001900161245008200180260004700262300002700309500002000336520096800356650002601324650002501350700001901375250001201394990002601406990002501432990002501457990002601482990002601508990002501534INLIS00000000000430120221108013756 a0010-0520004301221108 | | eng  a1-418-01395-0 aeng a340.072 073 a340.072 073 BAS f0 aBast, Carol M.1 aFoundations of Legal Research and Writing /cCarol M. Bast and Margie Hawkins aNew York :bThomson Delmar Learning,c2006 axiii, 582 p. ;c27 cm. aIndeks : Indeks aThis text presents a unique approach to legal research and writing by giving equal weight to both areas. This up-to-date and classroom-tested book includes outstanding chapters on research, including a chapter with detailed explanations of legal reasoning and analysis and another on computer-assisted legal research. The research chapters end with legal research assignments. Cyber law exercises requiring students to perform computer-assisted legal research are included at the end of most chapters. The writing portion of the text devotes entire chapters to writing client opinion letters, pleadings, contracts, office memos, memoranda of law, and appellate briefs. These chapters contain sample document, heavily footnoted with tips, and designed to provide students with as much help as possible in their writing. The text contains case excerpts, illustrating material introduced in the text and emphasizing the importance of good legal research and writing. 4a1. legal research -US 4a2. Legal composition0 aMargie Hawkins a3rd Ed. a07285/MKRI-P/XII-2007 a05856/MKRI-P/IX-2008 a05856/MKRI-P/IX-2008 a07285/MKRI-P/XII-2007 a07285/MKRI-P/XII-2007 a05856/MKRI-P/IX-2008